000 00220nam a22000857a 4500
008 170228b xxu||||| |||| 00| 0 eng d
100 _92956
_aMadan.M.et al
245 _aLet us talk in English-3
260 _aNew Delhi
_bAPC
_c2012
999 _c6200
_d6200